| 000 | 00688nam a22002057a 4500 | ||
|---|---|---|---|
| 999 |
_c18214 _d18214 |
||
| 003 | AR-CdUCM | ||
| 008 | 190513b ||||| |||| 00| 0 spa d | ||
| 040 |
_aMUNICIPALIDAD PROVINCIAL DEL CUSCO _cBIBLIOTECA MUNICIPAL DEL CUSCO |
||
| 082 |
_a335.4 / _bM24 |
||
| 100 |
_aMarx Engels Lenin _938675 |
||
| 245 | _aMarxismo y terrorismo / | ||
| 260 |
_aMéxico : _bGrijalbo, _c1970. |
||
| 300 |
_a155 página ; _c19 cm. |
||
| 440 |
_aColección 70 ; _n2 _923589 |
||
| 505 | _aContenido: El papel de la violencia en la historia -- Teoría de la violencia -- La comuna de París... | ||
| 650 |
_aMarxismo _924 |
||
| 650 |
_aTerrorismo _91688 |
||
| 942 |
_2ddc _cLIBROS |
||
| 945 |
_aacv _d2019-05-13 |
||